000 00189nam a2200085 4500
001 1257615
005 20260217110609.0
245 _akuklanın gizemi
_calmıla aydın
260 _baltın kitaplar
999 _c1257615
_d1257615